000 00726nam a22002177a 4500
003 SEM
005 20260701125552.0
008 260701s2014 ai ||||gr||||||01|||arm|d
020 _a9789994106424
040 _aSEM
_cSEM
041 _aarm
080 _a891.981-1/Գ-87
100 _aԳրաբսկի, Մկրտիչ
_q(Грабски, Мкртич)
245 _aՇրջայց /
_cՄ․ Գրաբսկի; Խմբ․՝ Հ․ Սրապյան
260 _aԵրևան ։
_b«Տիգրան Մեծ»,
_c2014․
300 _a239 էջ ;
_bնկ․ ;
_c16 սմ
650 _aՀայ գրականություն
_xբանաստեղծություն
653 _aՍԷՄ
700 _aՍրապյան,Հ․
_4edt.
_eխմբ․
942 _2udc
_cBK
_n0
999 _c77351
_d77351